<?xml version="1.0" encoding="UTF-8"?>
<record
    xmlns:xsi="http://www.w3.org/2001/XMLSchema-instance"
    xsi:schemaLocation="http://www.loc.gov/MARC21/slim http://www.loc.gov/standards/marcxml/schema/MARC21slim.xsd"
    xmlns="http://www.loc.gov/MARC21/slim">

  <leader>00746nam a2200205   4500</leader>
  <controlfield tag="003">LK-CoMWRAF</controlfield>
  <controlfield tag="005">20240119212655.0</controlfield>
  <controlfield tag="008">230828b1994    |||||||| |||| 00| 0 eng d</controlfield>
  <datafield tag="020" ind1=" " ind2=" ">
    <subfield code="a">9559556024</subfield>
  </datafield>
  <datafield tag="040" ind1=" " ind2=" ">
    <subfield code="a">LK-CoMWRAF</subfield>
    <subfield code="d">LK-CoMWRAF</subfield>
    <subfield code="e">LK-CoMWRAF</subfield>
  </datafield>
  <datafield tag="041" ind1=" " ind2=" ">
    <subfield code="a">sin</subfield>
  </datafield>
  <datafield tag="082" ind1=" " ind2=" ">
    <subfield code="a">891.483</subfield>
    <subfield code="b">BAR</subfield>
  </datafield>
  <datafield tag="100" ind1=" " ind2=" ">
    <subfield code="a">&#xDB6;&#xDD0;&#xDBB;&#xDB1;&#xDCA;, &#xDB1;&#xDD0;&#xDB1;&#xDCA;&#xDC3;&#xDD2;</subfield>
    <subfield code="v">Baran, Nancy</subfield>
  </datafield>
  <datafield tag="245" ind1=" " ind2=" ">
    <subfield code="a">&#xDB0;&#xDDB;&#xDBA;&#xDD3;&#xDBB;&#xDCA;&#xDCA;&#x200D;&#xDBA; &#xDC3;&#xDDC;&#xDBA;&#xDCF;&#xD9C;&#xDAD;&#xDCA; &#xD85;&#xDBD;&#xDD2; &#xDB4;&#xDD0;&#xDA7;&#xDD2;&#xDBA;&#xDCF;</subfield>
  </datafield>
  <datafield tag="246" ind1=" " ind2=" ">
    <subfield code="a">Dhayiryaya soyagath ali patiya</subfield>
  </datafield>
  <datafield tag="650" ind1=" " ind2=" ">
    <subfield code="a">&#xDC3;&#xDD2;&#xD82;&#xDC4;&#xDBD; &#xDC5;&#xDB8;&#xDCF; &#xD9A;&#xDAE;&#xDCF;</subfield>
  </datafield>
  <datafield tag="700" ind1=" " ind2=" ">
    <subfield code="a">&#xDC0;&#xDD9;&#xDAD;&#xDCA;&#xDAD;&#xDC3;&#xDD2;&#xD82;&#xDC4;, &#xD9A;&#xDD4;&#xDC3;&#xDBD;</subfield>
    <subfield code="e">trans.</subfield>
    <subfield code="y">weththasinghe, Kusala</subfield>
  </datafield>
  <datafield tag="700" ind1=" " ind2=" ">
    <subfield code="a">&#xDC0;&#xDD9;&#xDAD;&#xDCA;&#xDAD;&#xDC3;&#xDD2;&#xD82;&#xDC4;, &#xDC3;&#xDD2;&#xDB6;&#xDD2;&#xDBD;&#xDCA;</subfield>
    <subfield code="e">ills.</subfield>
    <subfield code="y">weththasinghe, Sybil</subfield>
  </datafield>
  <datafield tag="942" ind1=" " ind2=" ">
    <subfield code="c">BK</subfield>
  </datafield>
  <datafield tag="952" ind1=" " ind2=" ">
    <subfield code="0">0</subfield>
    <subfield code="1">0</subfield>
    <subfield code="4">0</subfield>
    <subfield code="7">0</subfield>
    <subfield code="a">MAIN</subfield>
    <subfield code="b">MAIN</subfield>
    <subfield code="d">2023-08-28</subfield>
    <subfield code="l">0</subfield>
    <subfield code="o">891.483 BAR</subfield>
    <subfield code="p">RAF263</subfield>
    <subfield code="r">2023-08-28</subfield>
    <subfield code="w">2023-08-28</subfield>
    <subfield code="y">BK</subfield>
  </datafield>
  <datafield tag="999" ind1=" " ind2=" ">
    <subfield code="c">3287</subfield>
    <subfield code="d">3287</subfield>
  </datafield>
</record>
